LEADER 00937nam a2200241 i 4500 001 000000190411 003 CaOOAMICUS 005 20190430145756.0 008 100614s1960 it u000 u ita u 013 $a168805 040 $aSeMil$bita 245 10$a2. 260 $aPalermo ; Messina :$bPalumbo,$cstampa 1960. 300 $aP. 532-758 ;$c22 cm. 490 0 $aBiblioteca di cultura moderna ;$v62 710 2 $aSocietà filosofica italiana.$0(OLS)http://semarc/name/1708 773 0 $tVerità e libertà.$dPalermo ; Messina : Palumbo, 1961.$kBiblioteca di cultura moderna$g2$w()18908 830 0$aBiblioteca di cultura moderna ;$v62.$0(OLS)http://semarc/title/639 850 $aSeMil 852 $aSeMil$W1$xVenegono$y1$m2O II 60$j141030$B141030$CSeMilBibl$Z2$F152659 $81 996 $6245$a2$9(OLS)http://semarc/title/46889 996 $6260$aPalermo ; Messina :$bPalumbo$9(OLS)http://semarc/publisher/34956 LEADER 01153nam a2200241 4500 001 000000350384 003 CaOOAMICUS 005 20220601091440.0 008 220601s1996 xxu 000 u eng r 020 $a0-664-22071-1 040 $aSeMil$bita 100 1 $aCarr, David McLain,$d<1961- >.$0(OLS)http://semarc/name/115913 245 10$aReading the fractures of Genesis :$bhistorical and literary approaches /$cDavid M. Carr. 264 1$aLouisville, Kentucky :$bWestminster John Knox Press,$c1996. 300 $aX, 388 p. ;$c23 cm 650 4$aBibbia. Antico Testamento. Genesi - Commentari, studi, critica, interpretazioni.$0(OLS)http://semarc/subject/344 850 $aSeMil 852 $aSeMil$W1$xVenegono$y1$m2Y V 41$j233067$B241420$CSeMilBibl$Z2$F241420 $81 961 $aVolume con annotazioni e sottolineature (a penna) 996 $6020$a0-664-22071-1$9(OLS)http://semarc/number/295940 996 $6245$aReading the fractures of Genesis :$bhistorical and literary approaches$9(OLS)http://semarc/title/440149 996 $6264$aLouisville, Kentucky :$bWestminster John Knox Press$9(OLS)http://semarc/publisher/42775